Responses for Show #8366 - Monday, March 29, 2021

Champion's winnings & consolation amounts matched to HealthCorps.

Contestants

[<< previous game]

Bryce Hwang, a medical student from Santa Clara, California

Cyndi Mundt, a forensic evaluator from Seattle, Washington

Susan McMillan, an Arabic translator from Portland, Maine (whose 1-day cash winnings total $35,600)

[next game >>]

Jeopardy! Round responses

A GUSTY MOVE
AROUND THE USA
BOOKS BY CHAPTERS
GETTING DOWN TO BUSINESS
DURING THE JOHN ADAMS PRESIDENCY
YOU'LL EAT THOSE WORDS
    $200 29
(Cyndi: [Exhales] Oh, no, um...)
[NOTE: The course is Augusta National.]

Augusta

CyndiBryce
    $200 27
Grand Canyon

Bryce
    $200 28
Little Women

Bryce
    $200 25
Boeing

Susan
    $200 30
Philadelphia

Cyndi
    $200 16
a raspberry

Cyndi
    $400 26
the Bears

Cyndi
    $400 8
Hilton Head

Susan
    $400 4
Treasure Island

Bryce
    $400 24
(Bryce: What is... Crowdfund?)

Kickstarter

SusanBryce
    $400 12
taxes

Bryce
    $400 17
(Mehmet: Buzz goes over the cliff; he dies.)

chicken

Bryce
    $600 13
(Cyndi: What is run ashore?)

reef

CyndiBryce
    $600 7
(Bryce: What is Godzilla?)

Jaws

Bryce
Triple Stumper
    $600 3
The World According to Garp

Bryce
    $600 19
Liberty Mutual

Cyndi
    $600 9
the Marines

Susan
    $600 18
donuts

Susan
    $800 14
the Astros

Susan
    $800 6
a troll

Susan
    $800 2
(Bryce: What is Oliver Twist?)

David Copperfield

SusanBryce
    $3,600 22
(Bryce: What is... Pirelli?)
(Mehmet: No, we were looking for the ever-popular [*] Man.)

Michelin

Bryce
    $800 10
Marshall

Bryce
    $800 20
a rhubarb

Bryce
    $1000 15
peloton

Cyndi
    $1000 5
Voodoo

Susan
    $1000 1
Journey to the Center of the Earth

Bryce
    $1000 23
TikTok

Cyndi
    $1000 11
Franklin

Cyndi
    $1000 21
(Susan: What is dough?)

bread

Susan
Triple Stumper

Scores at the first commercial break (after clue 15):

Susan Cyndi Bryce
$4,400 $1,400 $2,400

Scores at the end of the Jeopardy! Round:

Susan Cyndi Bryce
$4,600 $3,600 $200

Double Jeopardy! Round responses

FIVE SUMMONER'S TALES
ASIA
THEY LIVED TO 100
THE NOBEL PRIZE IN PHYSICS
NETFLIX SHOWS BY CHARACTERS
WORD "OR"IGINS
(Mehmet: The responses will start with "O-R".)
    $400 28
[The end-of-round signal sounds.]

demons

Triple Stumper
    $400 16
a dragon

Bryce
    $400 23
Irving Berlin

Susan
    $400 15
lasers

Bryce
    $400 13
The Crown

Cyndi
    $400 19
orator

Susan
    $800 18
Truman

Susan
    $800 8
(Susan: What is the Philippines?)

Indonesia

SusanBryce
    $800 21
George Burns

Triple Stumper
    $800 4
a hologram

Bryce
    $800 14
(Cyndi: What is "An Unfortunate Series of Events"?)

A Series of Unfortunate Events

CyndiBryce
    $800 20
an orbit

Bryce
    $1200 11
an ambassador

Bryce
    $1200 7
(Bryce: What is the Indian Ocean?)
(Mehmet: More specific.)

the Arabian Sea

Bryce
    $4,000 10
(Susan: Uh, who is Kennedy?)
[Mehmet says nothing.]

Rose Kennedy

Susan
    $1200 3
a black hole

Bryce
    $1200 27
Stranger Things

Bryce
    $1200 24
(Mehmet: Less than a minute.)

the orchestra

Susan
    $1600 12
Copernicus

Cyndi
    $1600 6
Angkor Wat

Susan
    $1600 9
the Queen Mother

Susan
    $2,000 1
Marconi

Bryce
    $1600 25
(Bryce: What is ordinate?)

ordain

CyndiBryce
    $2000 17
Louis XVI

Bryce
    $2000 5
(Susan: What is Macau?)

Hainan

SusanBryce
    $2000 22
John McCain

Triple Stumper
    $2000 2
an exoplanet

Bryce
    $2000 26
ornithology

Susan

Scores at the end of the Double Jeopardy! Round:

Susan Cyndi Bryce
$13,800 $6,400 $15,400

[wagering suggestions for these scores]

Final Jeopardy! Round responses

AUTHORS: BOOK TO SCREEN
CyndiWho is Travers?
$3,100
SusanWho is Christie?
$5,000
BryceWho is Travers?
$13,000
(P.L.) Travers

Final scores:

Susan Cyndi Bryce
$8,800 $9,500 $28,400
3rd place: $1,000 2nd place: $2,000 New champion: $28,400

Game dynamics:

Coryat scores:

Susan Cyndi Bryce
$11,000 $6,400 $18,600
17 R
(including 1 DD),
3 W
10 R,
3 W
25 R
(including 1 DD),
5 W
(including 1 DD)

Combined Coryat: $36,000

[game clues] [game scores] [suggest correction]

Game tape date: 2021-02-02
The J! Archive is created by fans, for fans. Scraping, republication, monetization, and malicious use prohibited; this site may use cookies and collect identifying information. See terms. The Jeopardy! game show and all elements thereof, including but not limited to copyright and trademark thereto, are the property of Jeopardy Productions, Inc. and are protected under law. This website is not affiliated with, sponsored by, or operated by Jeopardy Productions, Inc. Join the discussion at JBoard.tv.